Proofs that Really Count: (Record no. 189099)
[ view plain ]
| 000 -LEADER | |
|---|---|
| fixed length control field | 00692nam a22001937a 4500 |
| 005 - DATE AND TIME OF LATEST TRANSACTION | |
| control field | 20220613161859.0 |
| 010 ## - LCCN (DPL NO) | |
| LC control number | ENG-132259 |
| 020 ## - INTERNATIONAL STANDARD BOOK NUMBER | |
| International Standard Book Number | 9789393330116 |
| Terms of availability | 600.00 |
| 035 ## - SYSTEM CONTROL NUMBER | |
| System control number | EN-116791 |
| 037 ## - SOURCE OF ACQUISITION | |
| Source of stock number/acquisition | DBAD/PUB |
| 082 ## - DEWEY DECIMAL CLASSIFICATION NUMBER | |
| Classification number | 511.62 |
| 100 ## - MAIN ENTRY--PERSONAL NAME | |
| Personal name | Benjamin, Arthur T. |
| 245 ## - TITLE STATEMENT | |
| Title | Proofs that Really Count: |
| Remainder of title | The Art of Combinatorial Proof/ |
| Statement of responsibility, etc | Arthur T. Benjamin and Jennifer J. Quinn |
| 260 ## - PUBLICATION, DISTRIBUTION, ETC. (IMPRINT) | |
| Place of publication, distribution, etc | Hyderabad |
| Name of publisher, distributor, etc | Universities Press (India) Private Limited |
| Date of publication, distribution, etc | 2022 |
| 270 ## - ADDRESS | |
| Address | 3-6-747/1/A & 3-6-754-1 Himayatnagar |
| City | Hyderabad |
| Postal code | 500029 |
| Electronic mail address | info@universitiespress.com |
| 300 ## - PHYSICAL DESCRIPTION | |
| Extent | xiv, 194p. |
| Other physical details | index |
| Dimensions | 24cm(pbk) |
| 700 ## - ADDED ENTRY--PERSONAL NAME | |
| Personal name | Quinn, Jeniffer J. |
| 942 ## - ADDED ENTRY ELEMENTS (KOHA) | |
| Source of classification or shelving scheme | Dewey Decimal Classification |
| Item type | English Books |
| Classification part | 511.62 |
| Call number suffix | BEN |
| Withdrawn status | Lost status | Not for loan | Collection code | Home library | Current library | Date acquired | Source of acquisition | Cost, normal purchase price | Full call number | Barcode | Copy number | Cost, replacement price | Koha item type |
|---|---|---|---|---|---|---|---|---|---|---|---|---|---|
| Non-fiction | Sarojini Nagar | Sarojini Nagar | 13/06/2022 | DBAD/PUB | 600.00 | 511.62 BEN | EN-116791 | 1 | 600.00 | English Books |
